00553nam a2200145Ia 4500008004100000041000800041082001700049100002500066245002800091260005500119300000900174700004800183999001700231952015900248230125s9999 xx 000 0 und d aeng a658.848bSEN aSengupta A K9115788 aInternational Marketing c2010bSymbiosis centre for distance learningaPune a316p aSengupta A K & Nandini Madan, Donor9106296 c93593d93593 00104070aHIMRbHIMRd2015-06-16eDonated Book- Outside Donarg1.00o658.848 SEN DB1955pHIMR-DB-1955r2023-01-25 00:00:00v1.00w2023-01-25yDBzDB1955